| 000 | 00339cam a22001337a 4500 | ||
|---|---|---|---|
| 008 | 180718b1967 xxu||||| |||| 00| 0 eng d | ||
| 082 | _aF51x5407 M371w | ||
| 100 | _aMasani, M.R. | ||
| 245 |
_aWhy Swatantra? _cby M.R. Masani |
||
| 260 |
_aBombay _bPopular _c1967 |
||
| 300 | _a48p. | ||
| 500 | _aRs.1.00 | ||
| 650 | _aSwatantra Party (India) | ||
| 999 |
_c373290 _d373290 |
||